000 00764nam a2200229Ii 4500
003 JO-AjNU
008 230605s9999||||xx |||||||||||||| ||und||
017 _a2000/5/1748
020 _a9957-07-165-3
040 _aJO-AjNU
_bara
_erda
_cJO-AjNU
041 _aara
050 1 4 _aQA11.A28 2009
100 3 _aأبو لوم، خالد/ م. مشارك سليمان ابو هاني ,
_eauthor
_942153
245 0 0 _aالالعاب في تدريس الرياضيات=Games in Teaching Mathematics
250 _aط1
264 3 1 _aعمان:دار الفكر ، 2000
300 _a166ص
336 _atext
_btxt
_2rdacontent
337 _aunmediated
_bn
_2rdamedia
338 _avolume
_bnc
_2rdacarrier
650 4 _aالرياضيات - طرق التدريس
_942154
999 _aA18028
_c21596
_d21596